[Event "Warren (MCO/5/28)"]
[Site "?"]
[Date "1986.??.??"]
[Round "?"]
[White "Haakonstad, Olaf"]
[Black "Jones, L.."]
[Result "1-0"]
[WhiteElo "1820"]
[BlackElo "1605"]
[PlyCount "57"]
[EventDate "1986.??.??"]

{5/(28)} 1. e4 e5 2. Nf3 Nc6 3. Bb5 Nge7 4. O-O a6 5. Ba4 b5 6. Bb3 d6 7. Ng5
d5 8. exd5 Nxd5 9. d3 Na5 10. Qf3 Be6 11. Nxe6 fxe6 12. Qh5+ Kd7 13. Bxd5 exd5
14. Qxe5 Kc6 15. Qc3+ Kb6 16. Be3+ c5 17. b4 Nb7 18. bxc5+ Bxc5 19. Bxc5+ Nxc5
20. Qd4 Qg5 21. Nc3 Rad8 22. a4 Qf6 23. Qb4 Qc6 24. axb5 axb5 25. Qa5+ Kb7 26.
Qa7+ Kc8 27. Rfb1 Qc7 28. Qa8+ Qb8 29. Qc6+ 1-0

[Event "Warren (MCO/1/39)"]
[Site "?"]
[Date "1986.??.??"]
[Round "?"]
[White "Haakonstad, Olaf"]
[Black "Johnson, To"]
[Result "1-0"]
[WhiteElo "1820"]
[BlackElo "1605"]
[PlyCount "25"]
[EventDate "1986.??.??"]

{1/(39)} 1. e4 e5 2. Nf3 f5 3. Nc3 Bc5 4. Nxe5 fxe4 5. Nxe4 Qe7 6. d4 d6 7.
Nxc5 dxc5 8. Be2 Nd7 9. Nf3 Ngf6 10. O-O O-O 11. Bc4+ Kh8 12. Re1 Qd6 13. Ng5
1-0

[Event "Kalamazoo (WMUSO/2/6)"]
[Site "?"]
[Date "1986.??.??"]
[Round "?"]
[White "Haakonstad, Olaf"]
[Black "Groeller, W.."]
[Result "0-1"]
[WhiteElo "1885"]
[BlackElo "2090"]
[PlyCount "110"]
[EventDate "1986.??.??"]

{2/(6)} 1. e4 c5 2. Nc3 Nc6 3. g3 g6 4. Bg2 Bg7 5. Nge2 d6 6. O-O e6 7. d3 Nge7
8. Be3 O-O 9. Qd2 Rb8 10. Bh6 Nd4 11. Bxg7 Kxg7 12. Nd1 e5 13. c3 Qa5 14. Ne3
b5 15. f4 Nxe2+ 16. Qxe2 b4 17. Nc4 Qc7 18. cxb4 Rxb4 19. b3 Nc6 20. f5 f6 21.
Rf2 Nd4 22. Qg4 a5 23. Ne3 Bb7 24. fxg6 hxg6 25. Nf5+ Nxf5 26. Rxf5 Bc8 27.
Raf1 Bxf5 28. Rxf5 a4 29. Rf1 axb3 30. axb3 Rxb3 31. h4 Qc8 32. Qd1 c4 33. dxc4
Qxc4 34. Qxd6 Qd4+ 35. Qxd4 exd4 36. Rd1 Rd8 37. Kf2 d3 38. Bf3 d2 39. Be2 Rd4
40. h5 Rc3 41. hxg6 Kxg6 42. Kg2 Re3 43. Kf2 Rexe4 44. Kf3 Re5 45. Kf2 Kf5 46.
Kf3 Ke6 47. Rb1 Rde4 48. Rb6+ Kf7 49. Rb7+ Re7 50. Rxe7+ Rxe7 51. g4 Re5 52.
Kf2 Ke6 53. Kf3 Kd5 54. Kf2 Kd4 55. Kf3 Kc3 0-1

[Event "Kalamazoo (WMUSO/4/9)"]
[Site "?"]
[Date "1986.??.??"]
[Round "?"]
[White "Haakonstad, Olaf"]
[Black "Cummings, J.."]
[Result "1/2-1/2"]
[WhiteElo "1885"]
[BlackElo "1925"]
[PlyCount "80"]
[EventDate "1986.??.??"]

{4/(9)} 1. e4 d5 2. exd5 Qxd5 3. d4 Nc6 4. Nf3 Bg4 5. c3 Bxf3 6. Qxf3 Qxf3 7.
gxf3 e6 8. Bf4 O-O-O 9. Nd2 Bd6 10. Bg3 h5 11. h4 Kb8 12. Ne4 f6 13. Bc4 e5 14.
O-O-O exd4 15. Nxd6 cxd6 16. cxd4 Nge7 17. Be6 Ka8 18. f4 d5 19. f5 g5 20. Rhe1
Rh7 21. a3 b6 22. b4 b5 23. Kb2 Kb7 24. Re3 g4 25. Rc3 Kb6 26. Kb3 a5 27. Bf4
axb4 28. axb4 Rhh8 29. Rc5 Ra8 30. Bxd5 Nxd5 31. Rxd5 Ra4 32. Bd6 Rha8 33. Bc5+
Kc7 34. Rd2 Ra3+ 35. Kc2 Ra2+ 36. Kd1 Ra1+ 37. Ke2 Re8+ 38. Kd3 Ra3+ 39. Kc2
Ra2+ 40. Kd3 Ra3+ 1/2-1/2

[Event "Taylor (SEMO/4/1)"]
[Site "?"]
[Date "1986.??.??"]
[Round "?"]
[White "Groisser, D.."]
[Black "Poschel, Paul"]
[Result "0-1"]
[WhiteElo "2015"]
[BlackElo "2275"]
[PlyCount "120"]
[EventDate "1986.??.??"]

{4/(1)} 1. d4 Nf6 2. c4 e6 3. Nc3 d5 4. Nf3 Be7 5. Bg5 O-O 6. e3 Nbd7 7. cxd5
exd5 8. Be2 c6 9. O-O Ne4 10. Bxe7 Qxe7 11. Nxe4 dxe4 12. Nd2 Nb6 13. Qc2 f5
14. Qc5 Qf6 15. a4 Nd5 16. Bc4 Be6 17. a5 a6 18. Rfc1 Rad8 19. Bf1 Qg6 20. Qc2
Nf6 21. f4 exf3 22. Nxf3 Bd5 23. Bc4 Kh8 24. Bxd5 Nxd5 25. Re1 Qd6 26. Qf2 Nf6
27. Qh4 Ne4 28. Ne5 Kg8 29. Rf1 Qe6 30. Qe1 Rd5 31. Nd3 Rb5 32. Qe2 Rd8 33.
Rfb1 Qe7 34. Nf4 Nf6 35. Re1 Nd5 36. Nd3 Nf6 37. Ne5 Rdd5 38. Nd3 Rxa5 39. Rxa5
Rxa5 40. Ne5 Rb5 41. Rf1 Qe6 42. Qf2 Ne4 43. Qe2 Nd6 44. Qf2 h6 45. h3 Nc4 46.
Nxc4 Qxc4 47. Qh4 Qe6 48. Qf2 Rb3 49. Re1 Qe4 50. Re2 Rb5 51. Qf3 Qxf3 52. gxf3
Rd5 53. Kf2 f4 54. Rd2 fxe3+ 55. Kxe3 Kf7 56. Rc2 Rh5 57. Rh2 Ke6 58. Rg2 g5
59. f4 gxf4+ 60. Ke4 Rh4 0-1

[Event "Taylor (SEMO/1/10)"]
[Site "?"]
[Date "1986.??.??"]
[Round "?"]
[White "Groisser, D.."]
[Black "Morris, Jason"]
[Result "1-0"]
[WhiteElo "2015"]
[BlackElo "1835"]
[PlyCount "35"]
[EventDate "1986.??.??"]

{1/(10)} 1. d4 Nf6 2. Nc3 d5 3. Bg5 Bf5 4. e3 Nbd7 5. Bd3 Bxd3 6. Qxd3 e6 7.
Nf3 Be7 8. h4 c5 9. dxc5 Nxc5 10. Qb5+ Qd7 11. Bxf6 gxf6 12. O-O-O O-O-O 13.
Nd4 Qxb5 14. Ndxb5 Kb8 15. h5 Rhg8 16. g3 a6 17. Nd4 b5 18. Nc6+ 1-0

[Event "Dearborn (MEX/2)"]
[Site "Dearborn"]
[Date "1986.??.??"]
[Round "?"]
[White "Groisser, D.."]
[Black "Kitts, Gary"]
[Result "0-1"]
[WhiteElo "2015"]
[BlackElo "2130"]
[PlyCount "48"]
[EventDate "1986.??.??"]

1. d4 Nf6 2. c4 g6 3. Nc3 d5 4. cxd5 Nxd5 5. e4 Nxc3 6. bxc3 c5 7. Nf3 Bg7 8.
Be3 Qa5 9. Qd2 cxd4 10. cxd4 Qxd2+ 11. Kxd2 O-O 12. Bc4 Nc6 13. Rab1 Rd8 14. d5
Na5 15. Rhc1 e6 16. Ke2 Nxc4 17. Rxc4 b6 18. Rc7 exd5 19. Rd1 Ba6+ 20. Ke1 dxe4
21. Rxd8+ Rxd8 22. Ng5 Be5 23. Rc1 f5 24. Ne6 Rc8 0-1

[Event "Taylor (SEMO/3/5)"]
[Site "?"]
[Date "1986.??.??"]
[Round "?"]
[White "Groisser, D.."]
[Black "Crooks, J.."]
[Result "1-0"]
[WhiteElo "2015"]
[BlackElo "1970"]
[PlyCount "79"]
[EventDate "1986.??.??"]

{3/(5)} 1. d4 d5 2. c4 e6 3. Nf3 Nf6 4. Bg5 Be7 5. Nbd2 O-O 6. g3 h6 7. Bxf6
Bxf6 8. Bg2 Nc6 9. e3 Re8 10. O-O dxc4 11. Nxc4 e5 12. Nfxe5 Nxe5 13. Nxe5 Bxe5
14. dxe5 Qe7 15. f4 c6 16. Re1 Be6 17. a3 Rad8 18. Qc2 Rd7 19. f5 Red8 20. fxe6
Rd2 21. Qb3 R8d3 22. Qc4 Qxe6 23. Qxe6 fxe6 24. Rab1 Kf7 25. Kf1 Rb3 26. Re2
Rxe2 27. Kxe2 Rb5 28. Kd3 Rxe5 29. b4 a6 30. Rc1 Rg5 31. Rc5 Rg6 32. Re5 Rf6
33. Ke2 Ke7 34. h4 Kd6 35. Re4 e5 36. Rg4 Rf7 37. Rg6+ Rf6 38. Rxg7 b6 39. Be4
c5 40. Rb7 1-0

[Event "Monroe (MI Op/5/5)"]
[Site "?"]
[Date "1986.??.??"]
[Round "?"]
[White "Groeller, W.."]
[Black "Yahkind, Alex"]
[Result "1/2-1/2"]
[WhiteElo "2195"]
[BlackElo "2095"]
[PlyCount "31"]
[EventDate "1986.??.??"]

{5/(5)} 1. d4 Nf6 2. c4 e6 3. Nc3 d5 4. cxd5 exd5 5. Bg5 Be7 6. Qc2 O-O 7. e3
h6 8. Bh4 Be6 9. Bd3 c5 10. dxc5 Nc6 11. a3 a5 12. Nge2 d4 13. Nxd4 Nxd4 14.
exd4 Qxd4 15. Bg3 Qxc5 16. h3 1/2-1/2

[Event "Dearborn (MEX/2)"]
[Site "Dearborn"]
[Date "1986.??.??"]
[Round "?"]
[White "Groeller, W.."]
[Black "Thompson, Dexter"]
[Result "1-0"]
[WhiteElo "2075"]
[BlackElo "2180"]
[PlyCount "81"]
[EventDate "1986.??.??"]

1. d4 Nf6 2. Nf3 d5 3. c4 e6 4. Bg5 c6 5. Nc3 dxc4 6. a4 Bb4 7. e3 Qa5 8. Bxf6
Bxc3+ 9. bxc3 Qxc3+ 10. Nd2 gxf6 11. Bxc4 Rg8 12. O-O Qa5 13. Ne4 Nd7 14. Qb3
Kf8 15. f4 Kg7 16. f5 Nb6 17. fxe6 Nxc4 18. exf7 Kxf7 19. Qxc4+ Qd5 20. Qxd5+
cxd5 21. Nxf6 Rg6 22. Nxd5+ Kg7 23. Rac1 Rd6 24. Rc7+ Rd7 25. Rfc1 Kf7 26. Rxc8
Rxc8 27. Rxc8 Rxd5 28. Rc7+ Ke6 29. Rxb7 Ra5 30. Rb4 Kd5 31. Rb5+ Rxb5 32. axb5
Kc4 33. Kf2 Kxb5 34. Ke2 Kc4 35. Kd2 h5 36. g3 a6 37. h3 Kd5 38. Kd3 a5 39. e4+
Ke6 40. Kc4 Kf6 41. Kb5 1-0

[Event "Monroe (RVO/4/8)"]
[Site "?"]
[Date "1986.??.??"]
[Round "?"]
[White "Groeller, W.."]
[Black "Rust, L.."]
[Result "1-0"]
[WhiteElo "2195"]
[BlackElo "1715"]
[PlyCount "53"]
[EventDate "1986.??.??"]

{4/(8)} 1. d4 e6 2. c4 f5 3. Nf3 Nf6 4. g3 Be7 5. Bg2 O-O 6. O-O d6 7. Qc2 a5
8. Nc3 Nc6 9. e4 e5 10. dxe5 dxe5 11. Rd1 Qe8 12. a3 fxe4 13. Nxe4 Qh5 14. Re1
Ng4 15. Qc3 Bb4 16. axb4 axb4 17. Rxa8 bxc3 18. bxc3 b6 19. Ba3 Re8 20. c5 Bb7
21. Rxe8+ Qxe8 22. cxb6 cxb6 23. h3 Nh6 24. Nd6 Qa8 25. Nxb7 Qxa3 26. Nxe5 Qxc3
27. Bd5+ 1-0

[Event "Kalamazoo (WMUSO/5/3)"]
[Site "?"]
[Date "1986.??.??"]
[Round "?"]
[White "Groeller, W.."]
[Black "Rohland, M.."]
[Result "1-0"]
[WhiteElo "2090"]
[BlackElo "1995"]
[PlyCount "43"]
[EventDate "1986.??.??"]

{5/(3)} 1. d4 Nf6 2. c4 g6 3. Nc3 Bg7 4. e4 d6 5. f4 O-O 6. Nf3 c5 7. d5 e6 8.
Be2 exd5 9. exd5 Re8 10. O-O Bf5 11. Bd3 Ne4 12. Bxe4 Bxe4 13. Ng5 Bf5 14. g4
Bc8 15. f5 gxf5 16. gxf5 Qf6 17. Nge4 Qh4 18. Bg5 Qh3 19. Rf3 Qg4+ 20. Rg3
Qxd1+ 21. Rxd1 Bxf5 22. Nxd6 1-0

[Event "Monroe (RVO/1/7)"]
[Site "?"]
[Date "1986.??.??"]
[Round "?"]
[White "Groeller, W.."]
[Black "Murray, David"]
[Result "1/2-1/2"]
[WhiteElo "2195"]
[BlackElo "1985"]
[PlyCount "110"]
[EventDate "1986.??.??"]

{1/(7)} 1. d4 Nf6 2. c4 e6 3. Nc3 c5 4. d5 exd5 5. cxd5 d6 6. e4 g6 7. f4 Bg7
8. Nf3 O-O 9. Be2 Re8 10. Nd2 a6 11. a4 Qa5 12. O-O b5 13. axb5 Qxa1 14. Nb3
Qxc1 15. Qxc1 Nxe4 16. Bd3 Nxc3 17. bxc3 a5 18. Nd2 a4 19. Nc4 Rd8 20. f5 Nd7
21. fxg6 hxg6 22. Qf4 Nf6 23. Nb6 Ra7 24. Nxc8 Rxc8 25. Qxd6 Ne8 26. Qb6 Raa8
27. d6 Rd8 28. Be4 Rxd6 29. Qb7 Rad8 30. Qxf7+ Kh8 31. Bc6 Nf6 32. Qc4 a3 33.
Qa2 Ng4 34. h3 Ne3 35. Re1 Bxc3 36. Rxe3 Bd4 37. Qf2 a2 38. Qxa2 Bxe3+ 39. Kf1
Rd1+ 40. Ke2 R8d2+ 41. Qxd2 Rxd2+ 42. Kxe3 Rd8 43. b6 c4 44. b7 c3 45. Be4 Kg7
46. g3 Kf6 47. h4 Ke5 48. Bxg6 Rb8 49. Be4 c2 50. Bxc2 Rxb7 51. h5 Rb2 52. Bd3
Rb3 53. h6 Kf6 54. h7 Kg7 55. g4 Ra3 1/2-1/2

[Event "Monroe (RVO/3/7)"]
[Site "?"]
[Date "1986.??.??"]
[Round "?"]
[White "Groeller, W.."]
[Black "Moody, David"]
[Result "1/2-1/2"]
[WhiteElo "2195"]
[BlackElo "2015"]
[PlyCount "27"]
[EventDate "1986.??.??"]

{3/(7)} 1. d4 Nf6 2. Nf3 e6 3. e3 b6 4. Bd3 Bb7 5. O-O c5 6. c3 d5 7. Nbd2 Nbd7
8. Re1 Be7 9. Qe2 O-O 10. e4 dxe4 11. Nxe4 Nxe4 12. Bxe4 Bxe4 13. Qxe4 Nf6 14.
Qe2 1/2-1/2

[Event "Warren (MCO/5/2)"]
[Site "?"]
[Date "1986.??.??"]
[Round "?"]
[White "Groeller, W.."]
[Black "Mitchell, S.."]
[Result "1/2-1/2"]
[WhiteElo "2185"]
[BlackElo "2085"]
[PlyCount "31"]
[EventDate "1986.??.??"]

{5/(2)} 1. d4 d5 2. Nf3 Bf5 3. c4 e6 4. Nc3 Nf6 5. Bg5 Be7 6. e3 O-O 7. Bd3
Bxd3 8. Qxd3 dxc4 9. Qxc4 Nbd7 10. O-O Re8 11. b4 Nb6 12. Qb3 Nfd5 13. Bxe7
Qxe7 14. Rab1 c6 15. Rfc1 a6 16. Na4 1/2-1/2

[Event "Kalamazoo (WMUSO/3/2)"]
[Site "?"]
[Date "1986.??.??"]
[Round "?"]
[White "Groeller, W.."]
[Black "Mills, J.."]
[Result "0-1"]
[WhiteElo "2090"]
[BlackElo "2220"]
[PlyCount "66"]
[EventDate "1986.??.??"]

{3/(2)} 1. d4 g6 2. c4 Bg7 3. Nc3 d6 4. e4 e5 5. Be3 Nc6 6. Nge2 Nf6 7. f3 O-O
8. d5 Ne7 9. Qd2 Ne8 10. Nc1 f5 11. Nd3 Nf6 12. Be2 a6 13. O-O f4 14. Bf2 g5
15. c5 Bd7 16. b4 h5 17. Nb2 g4 18. cxd6 cxd6 19. Nc4 Bc8 20. a4 Ng6 21. a5 Rf7
22. Nb6 Rb8 23. Rac1 Kh7 24. Qa2 Bh6 25. Rc2 Rg7 26. b5 g3 27. Be1 Nd7 28. Nxd7
Bxd7 29. bxa6 bxa6 30. Qa3 Qh4 31. h3 Bxh3 32. gxh3 Qxh3 33. Bxa6 Nh4 0-1

[Event "Monroe (MI Op/3/3)"]
[Site "?"]
[Date "1986.??.??"]
[Round "?"]
[White "Groeller, W.."]
[Black "Levine, H.."]
[Result "1-0"]
[WhiteElo "2195"]
[BlackElo "2035"]
[PlyCount "147"]
[EventDate "1986.??.??"]

{3/(3)} 1. d4 Nf6 2. c4 g6 3. Nc3 d5 4. cxd5 Nxd5 5. e4 Nxc3 6. bxc3 Bg7 7. Nf3
c5 8. Rb1 O-O 9. Be2 Nc6 10. d5 Ne5 11. Nxe5 Bxe5 12. Qd2 Qa5 13. Rb3 f6 14. f4
Bd6 15. O-O c4 16. Bxc4 Qc5+ 17. Qd4 Qc7 18. Kh1 Kg7 19. Be2 Bd7 20. Be3 e5 21.
Qd2 Rf7 22. fxe5 Bxe5 23. Bf4 Re8 24. Bxe5 Rxe5 25. Qd4 b6 26. c4 Qd6 27. a3
Kg8 28. Bf3 Kg7 29. Rc3 Kg8 30. c5 bxc5 31. Qxc5 Qxc5 32. Rxc5 f5 33. exf5
Rfxf5 34. Kg1 a6 35. Rfc1 Rf6 36. Rc7 Rd6 37. Ra7 Kf8 38. Rcc7 Ke8 39. Ra8+ Kf7
40. Bg4 Rexd5 41. Rxd7+ Rxd7 42. Bxd7 Rxd7 43. Rxa6 Rd2 44. Ra7+ Kg8 45. h3 Ra2
46. Kh2 Kf8 47. Kg3 Ke8 48. Kf3 h5 49. h4 Kf8 50. g3 Rc2 51. Ra4 Kg7 52. Re4
Rc3+ 53. Re3 Rc4 54. Ke2 Kf6 55. Kd2 Kg7 56. Rc3 Rg4 57. Kc2 Kf6 58. Re3 Kf5
59. Kb3 Rd4 60. a4 Kf6 61. Rc3 Rg4 62. a5 Re4 63. a6 Re6 64. a7 Ra6 65. Rc7 Ke5
66. Kb4 Kd5 67. Kb5 Ra1 68. Rd7+ Ke6 69. Rg7 Kf6 70. Rc7 Ke6 71. Rc6+ Kd5 72.
Ra6 Rb1+ 73. Ka5 Ra1+ 74. Kb6 1-0

[Event "Kalamazoo (WMUSO/1/7)"]
[Site "?"]
[Date "1986.??.??"]
[Round "?"]
[White "Groeller, W.."]
[Black "Griffin, John"]
[Result "1-0"]
[WhiteElo "2090"]
[BlackElo "1605"]
[PlyCount "69"]
[EventDate "1986.??.??"]

{1/(7)} 1. d4 d5 2. c4 e6 3. Nc3 Nf6 4. Bg5 Be7 5. e3 b6 6. Rc1 h6 7. Bh4 Nbd7
8. cxd5 exd5 9. Nf3 O-O 10. Bd3 c5 11. dxc5 bxc5 12. O-O Re8 13. Bg3 Bb7 14.
Bb5 a6 15. Ba4 Rc8 16. Ne5 Rf8 17. Nxd7 Nxd7 18. Nxd5 Nb6 19. Nxb6 Qxb6 20. Qb3
Qxb3 21. Bxb3 Rfd8 22. Be5 Rd2 23. Bc3 Rd3 24. Bc2 Rd5 25. Be4 Rcd8 26. Bxd5
Rxd5 27. Rcd1 Rg5 28. f3 Bc6 29. e4 Kf8 30. g3 Rg6 31. Rfe1 Bd6 32. Kf2 Re6 33.
e5 Bc7 34. f4 Ke7 35. f5 1-0

[Event "Warren (MCO/3/5)"]
[Site "?"]
[Date "1986.??.??"]
[Round "?"]
[White "Groeller, W.."]
[Black "Golonka, Stan"]
[Result "1/2-1/2"]
[WhiteElo "2185"]
[BlackElo "2045"]
[PlyCount "115"]
[EventDate "1986.??.??"]

{3/(5)} 1. d4 Nf6 2. c4 g6 3. Nc3 Bg7 4. e4 d6 5. f4 O-O 6. Nf3 c5 7. d5 e6 8.
Be2 exd5 9. exd5 Re8 10. O-O Bf5 11. Bd3 Ne4 12. Bxe4 Bxe4 13. Nxe4 Rxe4 14. f5
Nd7 15. Ng5 Rxc4 16. fxg6 fxg6 17. Ne6 Bd4+ 18. Kh1 Qh4 19. Qf3 Be5 20. h3 Qg3
21. Qf7+ Kh8 22. Bf4 Rxf4 23. Rxf4 g5 24. Qxd7 gxf4 25. Nd8 Qg6 26. Re1 Kg8 27.
Qe7 Qf5 28. Qe8+ Qf8 29. Qe6+ Kg7 30. Qd7+ Kg8 31. Qe6+ Kg7 32. Qg4+ Kh8 33.
Ne6 Qf6 34. Rf1 Rg8 35. Qh5 b6 36. b3 h6 37. Rf3 Kh7 38. a4 a6 39. Rf2 b5 40.
axb5 axb5 41. Ra2 c4 42. bxc4 bxc4 43. Ra7+ Kh8 44. Rc7 c3 45. Qf3 Qg6 46. Rxc3
Qb1+ 47. Kh2 Rxg2+ 48. Kxg2 Qb2+ 49. Kf1 Qxc3 50. Qxc3 Bxc3 51. Nxf4 Kh7 52.
Ke2 Be5 53. Kf3 Kg7 54. Kg4 Kf6 55. h4 Bc3 56. Ne2 Bd2 57. Nd4 Be1 58. Nb5
1/2-1/2

[Event "Warren (MCO/1/5)"]
[Site "?"]
[Date "1986.??.??"]
[Round "?"]
[White "Groeller, W.."]
[Black "Foord, Allan"]
[Result "1-0"]
[WhiteElo "2185"]
[BlackElo "1650"]
[PlyCount "45"]
[EventDate "1986.??.??"]

{1/(5)} 1. d4 Nf6 2. c4 g6 3. Nc3 Bg7 4. e4 d6 5. f4 O-O 6. Nf3 c5 7. d5 Nbd7
8. Be2 Nb6 9. O-O Bg4 10. h3 Bd7 11. g4 h6 12. Be3 Qc7 13. Qc2 Rae8 14. Rae1 e5
15. fxe5 dxe5 16. Bd3 a6 17. Qf2 Rc8 18. Qh4 g5 19. Bxg5 hxg5 20. Nxg5 Bxg4 21.
Rxf6 Rfd8 22. Rxf7 Rd7 23. Qh7# 1-0

[Event "Dearborn (MEX/3)"]
[Site "?"]
[Date "1986.??.??"]
[Round "?"]
[White "Groeller, W.."]
[Black "Findlay, I.."]
[Result "1/2-1/2"]
[WhiteElo "2075"]
[BlackElo "2340"]
[PlyCount "121"]
[EventDate "1986.??.??"]

1. d4 Nf6 2. c4 c5 3. d5 e6 4. Nc3 exd5 5. cxd5 d6 6. e4 g6 7. f4 Bg7 8. Nf3
O-O 9. Be2 b5 10. e5 dxe5 11. fxe5 Ng4 12. Bg5 f6 13. exf6 Bxf6 14. Bxf6 Qxf6
15. Qd2 b4 16. Nb5 Na6 17. d6 Bd7 18. O-O Qd8 19. Qd5+ Kg7 20. Ng5 Nf6 21. Qb7
Qe8 22. Rae1 Qe3+ 23. Kh1 Qxg5 24. Qxa6 Kh8 25. Nc7 Rad8 26. Bf3 Ng4 27. Qe2 h5
28. Bxg4 Bxg4 29. Rxf8+ Rxf8 30. Qe7 Qf4 31. h3 Bxh3 32. Qxf8+ Qxf8 33. Re8
Qxe8 34. Nxe8 Bf5 35. Nf6 c4 36. d7 Bxd7 37. Nxd7 c3 38. bxc3 bxc3 39. Ne5 Kg7
40. Kg1 Kf6 41. Nd3 Kf5 42. Kf2 Ke4 43. Ke2 g5 44. Nc1 h4 45. Kf2 g4 46. Ke2 c2
47. Nd3 a5 48. a4 h3 49. gxh3 gxh3 50. Nf2+ Kd4 51. Kd2 h2 52. Kxc2 Kc4 53. Kd2
Kb3 54. Kd3 Kxa4 55. Kc4 Ka3 56. Kc3 a4 57. Nh1 Ka2 58. Kc2 a3 59. Ng3 Ka1 60.
Kc1 a2 61. Nh1 1/2-1/2

[Event "Monroe (MI Op/1a/4)"]
[Site "?"]
[Date "1986.??.??"]
[Round "?"]
[White "Groeller, W.."]
[Black "Chandler, P.."]
[Result "1-0"]
[WhiteElo "2195"]
[BlackElo "1865"]
[PlyCount "69"]
[EventDate "1986.??.??"]

1. d4 Nf6 2. c4 e6 3. Nc3 c5 4. d5 d6 5. e4 a6 6. Be2 Bd7 7. a4 Be7 8. Nf3 O-O
9. O-O exd5 10. exd5 Ne8 11. Qc2 g6 12. Bd2 Bf5 13. Bd3 Bxd3 14. Qxd3 Nd7 15.
Bh6 Ng7 16. Rae1 Re8 17. Re2 Nf5 18. Bf4 Nf6 19. Rfe1 Qd7 20. h3 Bf8 21. Bg5
Rxe2 22. Rxe2 Bg7 23. g4 Ne7 24. Qe3 Re8 25. Qf4 h6 26. Bxf6 g5 27. Nxg5 hxg5
28. Qxg5 Ng6 29. Bxg7 Rxe2 30. Nxe2 Qxa4 31. Ng3 Kxg7 32. Nf5+ Kf8 33. Qd8+ Qe8
34. Qxe8+ Kxe8 35. Nxd6+ 1-0

[Event "Monroe (MI Op/7/5)"]
[Site "?"]
[Date "1986.??.??"]
[Round "?"]
[White "Groeller, W.."]
[Black "Bohley, D.."]
[Result "1-0"]
[WhiteElo "2190"]
[BlackElo "2030"]
[PlyCount "149"]
[EventDate "1986.??.??"]

{7/(5)} 1. d4 d5 2. Nf3 c5 3. g3 e6 4. Bg2 Nc6 5. O-O Nf6 6. b3 Be7 7. Bb2 O-O
8. Nbd2 Ne4 9. dxc5 f5 10. c4 Bxc5 11. cxd5 exd5 12. Rc1 Bb6 13. Ne5 Nxe5 14.
Bxe5 Be6 15. Nf3 Qe7 16. Bd4 Bc7 17. Ne1 Bd6 18. Nd3 Rfc8 19. Nf4 Bxf4 20. gxf4
Rxc1 21. Qxc1 Rc8 22. Qb2 b6 23. Rc1 Rxc1+ 24. Qxc1 Qd6 25. e3 Qd7 26. Qb2 Qe7
27. Qc3 Qd7 28. Be5 Qc8 29. Qb2 Qd7 30. Bf1 Qf7 31. Bg2 Qd7 32. Bf3 Nc5 33. Qc2
Ne4 34. a3 Qc8 35. Qb2 Qd7 36. b4 Qe8 37. Bg2 Qe7 38. Qc2 Nd6 39. Bxd6 Qxd6 40.
Qa4 Qe7 41. Qc6 Qd7 42. Qxd7 Bxd7 43. Bxd5+ Kf8 44. Kf1 Ke7 45. Ke2 Kd6 46. Bg8
h6 47. Kd3 Bc6 48. Kd4 Bb7 49. Bc4 Bc6 50. Be2 Bb7 51. f3 Bc6 52. e4 fxe4 53.
fxe4 Bb7 54. Bf3 Ke6 55. Bg4+ Kd6 56. f5 Bc6 57. e5+ Ke7 58. Be2 Bb7 59. Bd3
Bc6 60. Bc4 Bd7 61. Bd3 Bc6 62. Be4 Be8 63. Bc2 Bc6 64. a4 Bd7 65. e6 Be8 66.
Kd5 Bh5 67. Kc6 Bf3+ 68. Kc7 Bd5 69. Kb8 a5 70. bxa5 bxa5 71. Kc7 g6 72. fxg6
Bxe6 73. Kb6 Bd7 74. Kxa5 Kf6 75. Kb4 1-0

[Event "Warren (MCO/5/51)"]
[Site "?"]
[Date "1986.??.??"]
[Round "?"]
[White "Grigsby, A.."]
[Black "Swartz, J.."]
[Result "0-1"]
[WhiteElo "1605"]
[BlackElo "1605"]
[PlyCount "56"]
[EventDate "1986.??.??"]

{5/(51)} 1. e4 e5 2. Nf3 Nc6 3. Bc4 Nf6 4. d3 d5 5. exd5 Nxd5 6. Bg5 Be7 7. Qd2
Bg4 8. Bxe7 Ndxe7 9. Ng5 O-O 10. h3 Bf5 11. O-O Nd5 12. c3 Na5 13. Bb5 f6 14.
Nf3 Nf4 15. d4 Qd5 16. Na3 c6 17. Be2 exd4 18. cxd4 Nxe2+ 19. Qxe2 b5 20. g4
Rfe8 21. Qd1 Be4 22. Kg2 h5 23. Re1 hxg4 24. hxg4 Qg5 25. Kg3 f5 26. Ne5 f4+
27. Kh2 Qh4+ 28. Kg1 Qh1# 0-1

[Event "Warren (MCO/6/53)"]
[Site "?"]
[Date "1986.??.??"]
[Round "?"]
[White "Grigsby, A.."]
[Black "Sturgis, Derreck"]
[Result "0-1"]
[WhiteElo "1605"]
[BlackElo "1605"]
[PlyCount "116"]
[EventDate "1986.??.??"]

{6/(53)} 1. e4 c5 2. Nf3 d6 3. Nc3 Nf6 4. Bc4 e6 5. e5 dxe5 6. Nxe5 Nbd7 7.
Nxd7 Bxd7 8. d3 a6 9. Bf4 b5 10. Bb3 Bc6 11. a4 Bxg2 12. Rg1 Bc6 13. axb5 axb5
14. Rxa8 Bxa8 15. Nxb5 Nd5 16. Qd2 Qf6 17. Nd6+ Bxd6 18. Bxd6 Ne7 19. Qc3 Qxc3+
20. bxc3 Nf5 21. Bxc5 Kd7 22. d4 g6 23. c4 Nh4 24. Ke2 Bf3+ 25. Ke3 Bb7 26. d5
Nf5+ 27. Kd3 Rc8 28. Ba4+ Kc7 29. Rb1 exd5 30. Bb6+ Kd6 31. c5+ Ke5 32. Bd7
Ba6+ 33. Kd2 Rf8 34. Bc7+ Kd4 35. c6 Kc5 36. c3 Bb5 37. Rb4 Bxc6 38. Bxf5 gxf5
39. Bf4 Bd7 40. Kd3 Bb5+ 41. Kd2 Bd7 42. Be5 Rg8 43. Bd4+ Kd6 44. Be3 Ra8 45.
c4 Ra2+ 46. Kd3 dxc4+ 47. Rxc4 Bb5 48. Kd4 Bxc4 49. Kxc4 Ke5 50. f4+ Ke4 51.
Bg1 Kxf4 52. Kd4 Re2 53. Kd3 Re6 54. Bf2 Kf3 55. Bg3 f4 56. Bh4 Kg2 57. Kd4 f3
58. Kd5 Re2 0-1

[Event "Warren (MCO/3/40)"]
[Site "?"]
[Date "1986.??.??"]
[Round "?"]
[White "Grigsby, A.."]
[Black "Jonik, Henry"]
[Result "0-1"]
[WhiteElo "1605"]
[BlackElo "1725"]
[PlyCount "108"]
[EventDate "1986.??.??"]

{3/(40)} 1. e4 g6 2. d4 Bg7 3. Nf3 e6 4. Nc3 Ne7 5. Bg5 O-O 6. Bc4 h6 7. Bf4 a6
8. O-O Kh7 9. Be5 f6 10. Bf4 b5 11. Bd3 Bb7 12. Qe1 d6 13. Qe3 Nd7 14. Be2 Qe8
15. b3 Qf7 16. a4 b4 17. Nd1 a5 18. c3 e5 19. Bg3 Qxb3 20. Qd3 Ba6 21. Qd2 Bxe2
22. Qxe2 bxc3 23. Qd3 Nb6 24. Nd2 Qf7 25. Qxc3 Rfc8 26. f4 Qe6 27. Ne3 exd4 28.
Qxd4 f5 29. e5 Nc6 30. Qc3 Nb4 31. Nec4 d5 32. Nxb6 cxb6 33. Qb2 Rc2 34. Qd4
Bf8 35. Bf2 Bc5 36. Nb3 Bxd4 37. Nxd4 Qd7 38. Nxc2 Nxc2 39. Ra2 Nb4 40. Raa1
Qb7 41. h3 Rc8 42. e6 Re8 43. Rae1 Qc6 44. g4 Nd3 45. Re3 Nxf2 46. Rxf2 Rxe6
47. Ree2 Rxe2 48. Rxe2 Qd6 49. g5 d4 50. Kf1 Qxf4+ 51. Rf2 Qxg5 52. Ke1 d3 53.
Kd1 Qe3 54. Rd2 Qg1# 0-1

[Event "Kalamazoo (WMUSO/2/16)"]
[Site "?"]
[Date "1986.??.??"]
[Round "?"]
[White "Griffin, John"]
[Black "Weathers, J.."]
[Result "1-0"]
[WhiteElo "1605"]
[BlackElo "1605"]
[PlyCount "75"]
[EventDate "1986.??.??"]

{2/(16)} 1. d4 d5 2. c4 dxc4 3. Nf3 b5 4. g3 Nc6 5. Bg2 Nf6 6. O-O Bf5 7. Ne5
Nxd4 8. Nc6 Nxc6 9. Bxc6+ Nd7 10. e4 Bh3 11. Re1 Rb8 12. Be3 e5 13. Qh5 Bb4 14.
Rd1 O-O 15. Qxh3 Qf6 16. Bxd7 Rbd8 17. Nc3 Qf3 18. Qf5 Qxf5 19. exf5 a6 20. Ne4
c6 21. Bxc6 Rb8 22. Nc5 Rb6 23. Be4 Rc8 24. Rd5 c3 25. bxc3 Bxc3 26. Rad1 h6
27. Rd8+ Rxd8 28. Rxd8+ Kh7 29. f6+ g6 30. Na4 Ba5 31. Bxb6 Bxb6 32. Nxb6 h5
33. Bd5 Kh6 34. h4 g5 35. Rh8+ Kg6 36. Nd7 gxh4 37. gxh4 b4 38. Be4# 1-0

[Event "Warren (MCO/6/38)"]
[Site "?"]
[Date "1986.??.??"]
[Round "?"]
[White "Griffin, John"]
[Black "Swartz, J.."]
[Result "1-0"]
[WhiteElo "1635"]
[BlackElo "1605"]
[PlyCount "87"]
[EventDate "1986.??.??"]

{6/(38)} 1. d4 d5 2. c4 c6 3. g3 Bf5 4. Bg2 Nf6 5. Nc3 e6 6. a3 Nbd7 7. cxd5
cxd5 8. Nf3 h6 9. O-O Bd6 10. b4 O-O 11. Bb2 a6 12. Nd2 Nb6 13. e4 dxe4 14.
Ncxe4 Nbd5 15. Nxd6 Qxd6 16. Qe2 Rac8 17. Rac1 Rc7 18. Rxc7 Qxc7 19. Rc1 Qd7
20. Qc4 Nb6 21. Qc7 Nbd5 22. Qxd7 Nxd7 23. Ne4 N7b6 24. Nd6 Rb8 25. Nxf5 exf5
26. Bf1 Re8 27. Bd3 g6 28. Kf1 Kg7 29. Rc2 Re7 30. b5 a5 31. Bc1 Na8 32. Bd2 b6
33. Rc6 Nac7 34. Rd6 Re6 35. Rc6 Kh7 36. Be2 Kg7 37. a4 Kh7 38. Bc4 Kg7 39. Bf4
Re7 40. Be5+ f6 41. Bxc7 Nxc7 42. Rxb6 Rd7 43. Rb7 Kf8 44. b6 1-0